|
|
|
|
| LEADER |
01702nam a2200481 a 4500 |
| 001 |
000589114 |
| 003 |
CZ BrMZK |
| 005 |
20090702140502.0 |
| 007 |
ta |
| 008 |
020304s2001 xr f cze d |
| 015 |
|
|
|a cnb001067980
|
| 020 |
|
|
|q (Brož.)
|
| 035 |
|
|
|a (OCoLC)51187744
|
| 040 |
|
|
|a BOA001
|c ze
|d BOA001
|
| 041 |
0 |
|
|a cze
|b ger
|
| 043 |
|
|
|a e-xr---
|b e-xr-st
|2 czenas
|
| 072 |
|
7 |
|a 72
|x Architektura
|2 Konspekt
|9 21
|
| 080 |
|
|
|a 728.81
|2 MRF
|
| 080 |
|
|
|a 902.2
|2 MRF
|
| 080 |
|
|
|a 902:904
|2 MRF
|
| 080 |
|
|
|a (437.312)
|2 MRF
|
| 080 |
|
|
|a (048.8)
|2 MRF
|
| 100 |
1 |
|
|a Durdík, Tomáš,
|d 1951-2012
|7 jn19981000803
|4 aut
|
| 245 |
1 |
0 |
|a Hrad Týřov /
|c Tomáš Durdík
|
| 250 |
|
|
|a 1. vyd.
|
| 260 |
|
|
|a Praha :
|b Společnost přátel starožitností,
|c 2001
|
| 300 |
|
|
|a 70 s., [8] s. barev. obr. příl. :
|b il. ;
|c 21 cm
|
| 490 |
1 |
|
|a Vlastivědná knihovnička Společnosti přátel starožitností ;
|v sv. 4
|
| 500 |
|
|
|a Zkratky
|
| 500 |
|
|
|a Slovníček odborných výrazů
|
| 500 |
|
|
|a Německé resumé
|
| 504 |
|
|
|a Obsahuje bibliografii
|
| 650 |
0 |
7 |
|a hrady
|7 ph120854
|z Česko
|2 czenas
|
| 650 |
0 |
7 |
|a hradní architektura
|7 ph120853
|z Česko
|2 czenas
|
| 650 |
0 |
7 |
|a archeologické výzkumy
|7 ph118577
|z Česko
|2 czenas
|
| 650 |
0 |
7 |
|a archeologické nálezy
|7 ph137683
|z Česko
|2 czenas
|
| 655 |
|
7 |
|a studie
|7 fd133597
|2 czenas
|
| 610 |
2 |
7 |
|a Týřov (hrad)
|7 kn20020502012
|2 czenas
|
| 651 |
|
7 |
|a Rakovník (Česko : oblast)
|7 ge130618
|2 czenas
|
| 830 |
|
0 |
|a Vlastivědná knihovnička Společnosti přátel starožitností
|0 s
|
| 910 |
|
|
|a BOA001
|b 2-1097.785
|
| 990 |
|
|
|a BK
|
| 996 |
6 |
|
|b 2610155557
|c 2-1097.785
|l MZK
|r Sklad / do 1 hodiny
|n 10
|p p.v.
|w 000589114
|u 000010
|a 1
|e BOA001
|j MZK50
|s P
|